Random Mexico Map Quiz - Statistics

General Stats
  • This quiz has been taken 121 times
  • The average score is 7 of 10
Answers on the Map
Answers color-coded by a green-red scale on the quiz's map according to % correct below.
 
Answer Stats
Answer % Correct
Sinaloa
91%
Mexico City (D.F.)
90%
Jalisco
88%
Puebla
88%
Aguascalientes
87%
Baja California
86%
Querétaro
86%
México
83%
Baja California Sur
82%
Campeche
80%
Chihuahua
80%
Morelos
78%
Sonora
78%
Tamaulipas
78%
Yucatán
77%
Coahuila
75%
Hidalgo
75%
Tabasco
75%
Nuevo León
73%
Veracruz
71%
Michoacán
70%
Oaxaca
69%
Zacatecas
69%
Chiapas
67%
Durango
67%
Nayarit
63%
Colima
60%
San Luis Potosí
57%
Guerrero
53%
Quintana Roo
53%
Tlaxcala
47%
Guanajuato
25%
No matching quizzes found
Score Distribution
Percent of People with Each Score
Percentile by Number Answered
Your Score History
You have not taken this quiz